000 04080cam a22012254i 4500
003 PE-LiUPU
005 20250813185450.0
008 150623s r 000 0 d
020 _a8449416175
035 _a(Sirsi) i9788449416170
040 _aPE-LiUPU
_bspa
_cPE-LiUPU
_erda
049 _aPRUA
082 0 4 _a370.2
_bM53
_221
110 2 _aEditorial Océano
245 1 0 _aManual de la educación /
_cEditorial Oceano.
264 1 _aBarcelona, España :
_bEditorial Oceano,
_c2001.
300 _a928 páginas :
_bilustraciones fotos, gráficos, tablas, diagrámas ;
_c26 centímetros
300 _aCD-ROM
336 _atext
_2rdacontent
337 _aunmediated
_2rdamedia
338 _avolume
_2rdacarrier
505 0 _aUna nueva cultura evaluativa para la mejora de la educación -- Didáctica general: La didáctica como campo de conocimiento cintífico -- Currículum: diseño y desarrollo -- Las estratégias metodológicas -- Educación especial: Trayectoria y actualidad de la educación especial -- Diagnóstico y evaluación en educación especial -- Metodologías de intervención y estratégias didáctico-organizativas -- Orientación vocacional e inserción sociolaboral -- Investigación y retos en educación especial -- Didácticas específicas: Matemáticas -- Ciencias experimentales -- Ciencias sociales -- El lenguaje, lengua española y literatura -- Educación física -- Música -- Artes plásticas -- Temas transversales: Educación no sexista -- Educación para la salud -- Educación multicultural. Educación ambiental -- Educación en valores -- Educación para la paz -- Un marco psicológico global para la educación escolar: Conocimiento psicológico y transformaciones educativas.
526 _aP202
526 _aP201
526 _aP163
526 _aP162
526 _aP161
526 _aP160
526 _aP148
526 _aP147
526 _aP146
526 _aP145
526 _aP144
526 _aP143
526 _aP142
526 _aP141
526 _aP140
526 _aP139
526 _aP138
526 _aP137
526 _aP136
526 _aP135
526 _aP134
526 _aP133
526 _aP129
526 _aP128
526 _aP127
526 _aP120
526 _aP119
526 _aP118
526 _aP116
526 _aP115
526 _aP114
526 _aP110
526 _aP109
526 _aP108
526 _aP104
526 _aP103
526 _aP102
526 _aP99
526 _aP98
526 _aP97
526 _aP96
526 _aP95
526 _aP93
526 _aP90
526 _aP89
526 _aP88
526 _aP83
526 _aP82
526 _aP62
526 _aP59
526 _aP58
526 _aP57
526 _aP51
526 _aP49
526 _aP48
526 _aP47
526 _aP29
526 _aP24
526 _aP20
526 _aP19
526 _aP17
526 _aP15
526 _aP14
526 _aP12
526 _aP10
526 _aP09
526 _aP08
526 _aP07
526 _aP06
526 _aP05
526 _aP04
526 _aP01
650 0 4 _aEducación
_xManuales, compendios, etc.
942 _2ddc
_cBOOK
949 _a370.2 M53
_wDEWEY
_c1
_i52439
_lCCODEBUL1
_mBUL
_p52.00
_r0
_sY
_tBOOK
_u2015-6-24
_xFCE
_zUNKNOWN
_0COMPRA
_o.STAFF. Colección General
949 _a370.2 M53 2001
_wDEWEY
_c1
_iFJ13140
_lRCJ
_mBUJ
_p52.00
_r0
_sY
_tBOOK
_u2022-07-13
_xFACIHED
_zUNKNOWN
_0COMPRA
_o.STAFF. Colección General Juliaca
994 _aC0
_bPEPRU
596 _a1 3
999 _a370.2 M53
_wDEWEY
_c34272
_i52439
_d34272
_f2021-11-8
_g6
_lCCODEBUL1
_mBUL
_p52.00
_q2
_r0
_sY
_tBOOK
_u2015-6-24
_xEDUCACION
_zUNKNOWN
_0COMPRA
_o.STAFF. Colección General
999 _a370.2 M53 2001
_wDEWEY
_c1
_iFJ13140
_lCCODEBUJ1
_mBUJ
_p52.00
_r0
_sY
_tBOOK
_u2022-7-13
_xEDUCACION
_zESPECIALI
_0COMPRA
_o.STAFF. Colección General Juliaca
980 _81
_gALBERTO SANCHEZ Responsable de Automatización